La questione marocchina e gliaccordi mediterranei italo-spagnoli del 1887 e del 1891 / (Record no. 50694)

MARC details
000 -LEADER
campo de control de longitud fija 00876nam a2200217 i 4500
001 - NÚMERO DE CONTROL
campo de control 50694
003 - IDENTIFICADOR DE NÚMERO DE CONTROL
campo de control ES-MaACL
005 - FECHA Y HORA DE LA ÚLTIMA TRANSACCIÓN
campo de control 20230906162224.0
007 - CAMPO FIJO DE DESCRIPCIÓN FÍSICA--INFORMACIÓN GENERAL
campo de control de longitud fija t|
008 - DATOS DE LONGITUD FIJA--INFORMACIÓN GENERAL
campo de control de longitud fija 030806m19611964it ||||1| ita d
100 1# - ENTRADA PRINCIPAL--NOMBRE DE PERSONA
Nombre de persona Curato, Federico.
9 (RLIN) 42198
245 13 - MENCIÓN DEL TÍTULO
Título La questione marocchina e gliaccordi mediterranei italo-spagnoli del 1887 e del 1891 /
Mención de responsabilidad, etc. Federico Curato.
260 ## - PUBLICACIÓN, DISTRIBUCIÓN, ETC.
Lugar de publicación, distribución, etc. Milano :
Nombre del editor, distribuidor, etc. Edizioni di Comunita,
Fecha de publicación, distribución, etc. 1961-1964.
300 ## - DESCRIPCIÓN FÍSICA
Extensión 2 v. ;
Dimensiones 23 cm.
500 ## - NOTA GENERAL
Nota general En la cub.: Centro studi per i popoli extra-europei dell'Universita di Pavia.
505 8# - NOTA DE CONTENIDO CON FORMATO
Nota de contenido con formato Contiene: v. 1. Sino alla caduta del ministro Moret (14 giugno 1888) -- v. 2. Dal giugno 1888 all'agosto 1896
651 #4 - PUNTO DE ACCESO ADICIONAL DE MATERIA--NOMBRE GEOGRÁFICO
Nombre geográfico Marruecos-
Subdivisión general Historia-
Subdivisión cronológica S.XX.
9 (RLIN) 9031
651 #4 - PUNTO DE ACCESO ADICIONAL DE MATERIA--NOMBRE GEOGRÁFICO
Nombre geográfico Italia-
Subdivisión general Relaciones-
Subdivisión geográfica España.
9 (RLIN) 160778
651 #4 - PUNTO DE ACCESO ADICIONAL DE MATERIA--NOMBRE GEOGRÁFICO
Nombre geográfico España-
Subdivisión general Relaciones-
Subdivisión geográfica Italia.
9 (RLIN) 153911
852 ## - LOCALIZACIÓN
Ubicación ES-MaACL
Número de control de estantería P-1029-Ter
Sublocalización o colección R.50814
Holdings
Estatus retirado Estado de pérdida Estado de daño No para préstamo Biblioteca de origen Biblioteca actual Ubicación en estantería Fecha de adquisición Fuente de adquisición Total de préstamos Signatura topográfica completa Código de barras Visto por última vez Precio de reemplazo Tipo de ítem Koha
        Biblioteca del Ateneo de Madrid Biblioteca del Ateneo de Madrid Depósito 2 17/01/2008     P-1029-Ter 1053318 23/02/2023 23/02/2023 Libro impreso